000 00847nas a2200253 4500
001 BR2011005694
003 BR-BrBNA
005 20231205115641.0
007 ta
008 230509b bl.|||p| |||| 00| 00por d
040 _aBR-BrBNA
_bpor
_cBiblioteca Nacional de Agricultura
041 _a(Pt)
072 _aE16; Q80; F01
100 1 _aFerraz, M.V.
100 1 _aCereda, M.P.
245 1 _aAvaliação econômica e energética da utilização de tubetes biodegradáveis para a produção de mudas de petúnia-comum (Petunia x hybrida)
650 _aPLANTA ORNAMENTAL
650 _aEMBALAGEM
650 _aRECIPIENTE DE PLANTA
650 _aCUSTO DE PRODUÇÃO
773 0 _tEnergia na Agricultura (Brazil)
_xISSN 1808-8759
_g(2009), v. 24(4) p. 65-76
_wBR2011005694
909 _a202311
_bLúcia
_c55
_dLúcia Elande
942 _2AGRIS
_n0
_cANA
999 _c215027
_d215027